00439nam a2200169 a 450000100060000000300090000600800410001502000150005604000280007108200160009910000240011524500320013926000420017130000160021350000280022965000120025712498CO-ViMGA141112s2004 ck r 000 u spa d a8425504503 aCO-ViMGAbspacCO-ViMGA04a794.1 P792t1 aPonce, Sala Lorenzo10aTratado practico de Ajedrez aBarcelona : bHispano Europea, c1996 a310p. : il. aColección Herakles. 14aAJEDREZ